000 00453nam a22001817a 4500
005 20200518134727.0
008 200518b xxu||||| |||| 00| 0 eng d
020 _a9789384875282
041 _aeng
082 _a615.19
100 _aBairajee Deepika
_95528
245 _aLab Manual of Pharmaceutical Engineering
250 _a1'st
260 _aModinagar (UP)
_bUnnati Publication
_c2019
300 _a215
650 _aPharmacy
_95529
942 _cBK
999 _c6283
_d6281